[Event "World Blitz 2025"]
[Site "Doha QAT"]
[Date "2025.12.29"]
[Round "4.122"]
[White "George Samir, David"]
[Black "Al-Kuwari, Hamad"]
[Result "1-0"]
[WhiteTitle "IM"]
[BlackTitle "CM"]
[WhiteElo "2343"]
[BlackElo "1809"]
[WhiteFideId "10657789"]
[BlackFideId "12102679"]
[EventDate "2025.12.29"]

1. e4 c5 2. Nf3 a6 3. c4 Nc6 4. d4 cxd4 5. Nxd4 Nf6 6. Nc3 e5 7. Nf5 d6 8. Bg5
Bxf5 9. exf5 Be7 10. Bd3 Nd4 11. O-O O-O 12. Kh1 h6 13. Bh4 Re8 14. f4 e4 15.
Bxf6 exd3 16. Bxd4 Bf6 17. Qxd3 Bxd4 18. Qxd4 f6 19. Rad1 Qa5 20. Qd5+ Qxd5 21.
Nxd5 Re2 22. Rfe1 Rxb2 23. Rb1 Rxa2 24. Rxb7 Rc8 25. Ne7+ Kh7 26. Nxc8 1-0

[Event "World Blitz 2025"]
[Site "Doha QAT"]
[Date "2025.12.29"]
[Round "4.123"]
[White "Alsaqer, Meshal"]
[Black "Ashwath Kaushik"]
[Result "0-1"]
[BlackTitle "FM"]
[WhiteElo "1853"]
[BlackElo "2345"]
[WhiteFideId "10301771"]
[BlackFideId "33387230"]
[EventDate "2025.12.29"]

1. d4 d5 2. Nf3 Nf6 3. c4 e6 4. Nbd2 Be7 5. Qc2 O-O 6. g3 c6 7. Bg2 b6 8. O-O
Bb7 9. e4 Na6 10. a3 c5 11. e5 Ne4 12. cxd5 exd5 13. Qd3 cxd4 14. Nxd4 Nac5 15.
Qe3 Nxd2 16. Bxd2 Ne4 17. Rac1 Rc8 18. b4 Qd7 19. Rxc8 Rxc8 20. Rc1 Rxc1+ 21.
Bxc1 Qc7 22. Bb2 h6 23. Nf5 Bf8 24. h4 Qc2 25. Bxe4 dxe4 26. Qd4 Qb1+ 27. Kh2 e3
28. g4 Qh1+ 29. Kg3 Qf3+ 0-1

[Event "World Blitz 2025"]
[Site "Doha QAT"]
[Date "2025.12.29"]
[Round "4.124"]
[White "Phuyal, Aashish"]
[Black "Al-Janahi, Ibrahim"]
[Result "1-0"]
[WhiteElo "1955"]
[BlackElo "1656"]
[WhiteFideId "12312649"]
[BlackFideId "12102385"]
[EventDate "2025.12.29"]

1. e4 c5 2. Nf3 g6 3. g3 Bg7 4. Bg2 Nc6 5. O-O d6 6. Re1 Nf6 7. h3 O-O 8. c3 a6
9. d4 cxd4 10. Nxd4 Bd7 11. Be3 Nxd4 12. Bxd4 Bc6 13. Nd2 Qc8 14. a4 Bd7 15. Kh2
Bc6 16. Nc4 Nd7 17. Bxg7 Kxg7 18. h4 Bxa4 19. Rxa4 b5 20. Nxd6 exd6 21. Rd4 Ne5
22. Rxd6 Qc5 23. Rd5 Qe7 24. Qd4 f6 25. f4 Nc6 26. Rd7 Nxd4 27. Rxe7+ Rf7 28.
Rxf7+ Kxf7 29. cxd4 Rd8 30. d5 a5 31. e5 fxe5 32. fxe5 b4 33. d6 Ke6 34. Bh3+
Kd5 35. d7 a4 36. e6 a3 37. bxa3 bxa3 38. e7 Rxd7 39. Bxd7 a2 40. Be6+ Kd6 41.
Bxa2 1-0

[Event "World Blitz 2025"]
[Site "Doha QAT"]
[Date "2025.12.29"]
[Round "4.125"]
[White "Al-Mansouri, Fahad"]
[Black "Alhassadi, Yousef A."]
[Result "0-1"]
[BlackTitle "FM"]
[WhiteElo "1607"]
[BlackElo "2098"]
[WhiteFideId "12102407"]
[BlackFideId "9204725"]
[EventDate "2025.12.29"]

1. e4 c5 2. Nf3 e6 3. b4 cxb4 4. a3 d5 5. e5 d4 6. Bd3 Nc6 7. O-O Nge7 8. Ng5
Nxe5 9. Bb5+ Bd7 10. Bxd7+ Qxd7 11. axb4 h6 12. Nf3 Nxf3+ 13. Qxf3 Nd5 14. c3
Be7 15. cxd4 O-O 16. Nc3 Nxb4 17. Ba3 a5 18. Rfc1 Qxd4 19. Nb5 Qd5 20. Qe2 Rac8
21. Nc3 Qd7 22. Qf3 Rfe8 23. Qe2 Nd3 24. Rcb1 Nb4 25. Qf3 b6 26. Qe2 Bc5 27. h3
Red8 28. Ne4 Be7 29. Rc1 Rxc1+ 30. Rxc1 Qd3 31. Qe1 Qxa3 32. Rc7 Nd5 33. Rxe7
Qxe7 0-1

[Event "World Blitz 2025"]
[Site "Doha QAT"]
[Date "2025.12.29"]
[Round "4.126"]
[White "Bodemar, Jonathan"]
[Black "Ahmad, Saif"]
[Result "1-0"]
[WhiteTitle "CM"]
[WhiteElo "2154"]
[BlackElo "1567"]
[WhiteFideId "6205488"]
[BlackFideId "12102709"]
[EventDate "2025.12.29"]

1. e4 c5 2. Nc3 Nc6 3. g3 g6 4. Bg2 Bg7 5. d3 d6 6. Be3 e6 7. Qd2 Nge7 8. Nge2
O-O 9. O-O b6 10. Bh6 Bb7 11. Rad1 Rc8 12. h3 Qd7 13. Kh2 d5 14. Bxg7 Kxg7 15.
exd5 exd5 16. d4 c4 17. Nf4 Nd8 18. Rfe1 Ne6 19. Re5 Nxf4 20. Qxf4 b5 21. Rde1
Rfe8 22. a3 a5 23. Nxb5 Nf5 24. Nc3 Rxe5 25. Rxe5 Re8 26. Rxe8 Qxe8 27. Nxd5 Qa8
28. Qe5+ Kg8 29. Nf6+ Kf8 30. Nxh7+ Kg8 31. Nf6+ Kf8 32. Nd7+ Kg8 33. Bxb7 Qxb7
34. Qe8+ Kg7 35. Qf8+ Kh7 36. Qxf7+ Kh6 37. Qf8+ Ng7 38. Qh8+ Kg5 39. Qxg7 Qf3
40. h4+ Kg4 41. Ne5+ 1-0

[Event "World Blitz 2025"]
[Site "Doha QAT"]
[Date "2025.12.29"]
[Round "5.1"]
[White "Carlsen, Magnus"]
[Black "Pranav, Anand"]
[Result "1-0"]
[WhiteTitle "GM"]
[BlackTitle "GM"]
[WhiteElo "2840"]
[BlackElo "2591"]
[WhiteFideId "1503014"]
[BlackFideId "46626786"]
[EventDate "2025.12.29"]

1. e4 c5 2. Nf3 d6 3. Bc4 Nf6 4. d3 Nc6 5. O-O e6 6. a4 Be7 7. Bb3 O-O 8. c3 a6
9. Re1 Rb8 10. d4 b5 11. axb5 axb5 12. Nbd2 b4 13. d5 bxc3 14. bxc3 Na5 15. dxe6
fxe6 16. Bc2 e5 17. Qe2 Nh5 18. Nf1 Bg4 19. Qd3 Bxf3 20. gxf3 Bg5 21. Ng3 Nf4
22. Bxf4 Bxf4 23. Red1 Rf6 24. Qa6 Ra8 25. Qb5 Kh8 26. Ra4 Rf7 27. Nf5 Rb7 28.
Qd3 Rb2 29. Nxd6 Qh4 30. Kf1 Qxh2 31. Rxa5 Rxa5 32. Nf7+ Kg8 33. Qd8+ Kxf7 34.
Qd7+ Kg6 35. Rd6+ Kh5 36. Qg4# 1-0

[Event "World Blitz 2025"]
[Site "Doha QAT"]
[Date "2025.12.29"]
[Round "5.2"]
[White "Firouzja, Alireza"]
[Black "Van Foreest, Jorden"]
[Result "0-1"]
[WhiteTitle "GM"]
[BlackTitle "GM"]
[WhiteElo "2762"]
[BlackElo "2692"]
[WhiteFideId "12573981"]
[BlackFideId "1039784"]
[EventDate "2025.12.29"]

1. c4 Nf6 2. Nf3 g6 3. Nc3 Bg7 4. e4 d6 5. d4 O-O 6. Be2 Na6 7. Nd2 Nb8 8. O-O
e5 9. d5 a5 10. Rb1 Bh6 11. a3 Na6 12. b4 b6 13. Nb3 Bxc1 14. Nxc1 Ne8 15. Nd3
f5 16. f4 fxe4 17. Nxe4 Bf5 18. Nc3 axb4 19. axb4 exf4 20. Rxf4 Nf6 21. Qd2 Qe7
22. Bf1 Nh5 23. Rf2 Qg7 24. Nb5 Nf6 25. Rf3 Rae8 26. h3 Ne4 27. Qb2 Ng5 28.
Qxg7+ Kxg7 29. Rf2 Re3 30. Rd1 Bxd3 31. Bxd3 Nxb4 32. Rxf8 Kxf8 33. Bf1 Re7 34.
Ra1 Ne4 35. Ra8+ Kg7 36. Ra7 Kf6 37. Rxc7 Rxc7 38. Nxc7 Nc5 39. Na8 Na4 40. Be2
Ke5 41. Bd1 Nc3 42. Bb3 b5 43. Nb6 bxc4 44. Bxc4 Kd4 45. Bf1 Nbxd5 46. Nd7 Ne4
47. Nf8 Nef6 48. g4 Ke5 49. g5 Ne4 50. Nxh7 Kf4 51. Bg2 Ne3 52. Bxe4 Kxe4 53.
Kf2 Nd5 54. Nf6+ Ke5 55. Nxd5 Kxd5 56. Kf3 Ke5 57. h4 Kf5 58. Kg3 d5 59. Kf3 d4
60. Ke2 Kg4 0-1

[Event "World Blitz 2025"]
[Site "Doha QAT"]
[Date "2025.12.29"]
[Round "5.3"]
[White "Erigaisi, Arjun"]
[Black "Salem, A.R. Saleh"]
[Result "1-0"]
[WhiteTitle "GM"]
[BlackTitle "GM"]
[WhiteElo "2775"]
[BlackElo "2635"]
[WhiteFideId "35009192"]
[BlackFideId "9301348"]
[EventDate "2025.12.29"]

1. d4 Nf6 2. c4 g6 3. Nc3 Bg7 4. e4 d6 5. Nf3 O-O 6. h3 e5 7. d5 a5 8. Bg5 Na6
9. Nd2 Qe8 10. Be2 Nd7 11. O-O f6 12. Be3 f5 13. exf5 gxf5 14. f4 exf4 15. Bxf4
Ne5 16. Nf3 Ng6 17. Bd2 Bd7 18. Bd3 Nc5 19. Bc2 Qe7 20. Re1 Qf6 21. Bg5 Qf7 22.
Qd2 Rae8 23. Be3 b6 24. a3 Ne5 25. Nxe5 Rxe5 26. Bd4 Rxe1+ 27. Rxe1 Bxd4+ 28.
Qxd4 a4 29. Re3 Qg7 30. Qh4 Qf6 31. Qf4 Kh8 32. Kh2 Rg8 33. g4 Qg5 34. Qxg5 Rxg5
35. gxf5 Bxf5 36. Bxa4 Nxa4 37. Nxa4 Bd7 38. Nc3 Rg7 39. b4 Rf7 40. Kg3 Kg7 41.
a4 Kg6 42. a5 bxa5 43. bxa5 Bc8 44. Nb5 Ba6 45. Re6+ Kg7 46. Re8 Kf6 47. Kf4
Kg6+ 48. Ke3 Kg5 49. Ra8 Bxb5 50. cxb5 Rf5 51. a6 Rf1 52. a7 1-0

[Event "World Blitz 2025"]
[Site "Doha QAT"]
[Date "2025.12.29"]
[Round "5.4"]
[White "Lu, Shanglei"]
[Black "Bortnyk, Olexandr"]
[Result "1/2-1/2"]
[WhiteTitle "GM"]
[BlackTitle "GM"]
[WhiteElo "2643"]
[BlackElo "2601"]
[WhiteFideId "8603332"]
[BlackFideId "14120828"]
[EventDate "2025.12.29"]

1. e4 Nf6 2. e5 Nd5 3. d4 d6 4. c4 Nb6 5. f4 dxe5 6. fxe5 Bf5 7. Nc3 e6 8. Nf3
Bb4 9. Bd3 c5 10. Bg5 Qd7 11. Bxf5 cxd4 12. Nxd4 exf5 13. Nxf5 1/2-1/2

[Event "World Blitz 2025"]
[Site "Doha QAT"]
[Date "2025.12.29"]
[Round "5.5"]
[White "Nepomniachtchi, Ian"]
[Black "Mamedov, Rauf"]
[Result "1/2-1/2"]
[WhiteTitle "GM"]
[BlackTitle "GM"]
[WhiteElo "2723"]
[BlackElo "2645"]
[WhiteFideId "4168119"]
[BlackFideId "13401653"]
[EventDate "2025.12.29"]

1. e4 c5 2. Nf3 d6 3. Bb5+ Bd7 4. c4 Nf6 5. Nc3 g6 6. d4 cxd4 7. Nxd4 Bg7 8. h3
O-O 9. Be3 Nc6 10. O-O Rc8 11. Bxc6 Bxc6 12. Qd3 Nd7 13. Rad1 Qa5 14. Qd2 Rfe8
15. b3 a6 16. Rc1 Nc5 17. f3 Bd7 18. Rfd1 Ne6 19. a4 Nxd4 20. Bxd4 Bxd4+ 21.
Qxd4 Be6 22. Kh1 Qb4 23. Rb1 Qc5 24. Qd2 f6 25. Re1 Bf7 26. Re3 Qb4 27. Qe2 b5
28. axb5 axb5 29. Nd5 Bxd5 30. exd5 bxc4 31. Rxe7 Rxe7 32. Qxe7 Rf8 33. Ra1 Qc3
34. Ra7 Qc1+ 35. Kh2 Qf4+ 36. Kg1 Qc1+ 37. Kf2 Qd2+ 38. Kg3 Qg5+ 39. Kf2 Qd2+
40. Kg1 Qc1+ 1/2-1/2

[Event "World Blitz 2025"]
[Site "Doha QAT"]
[Date "2025.12.29"]
[Round "5.6"]
[White "Alekseenko, Kirill"]
[Black "Bu, Xiangzhi"]
[Result "0-1"]
[WhiteTitle "GM"]
[BlackTitle "GM"]
[WhiteElo "2659"]
[BlackElo "2665"]
[WhiteFideId "4135539"]
[BlackFideId "8601445"]
[EventDate "2025.12.29"]

1. e4 e5 2. Nf3 Nf6 3. Nc3 Nc6 4. Bb5 Bd6 5. O-O O-O 6. Bxc6 dxc6 7. h3 h6 8. d3
Re8 9. Be3 Nd7 10. Nd2 Nf8 11. f4 exf4 12. Bxf4 Bxf4 13. Rxf4 Qg5 14. Rf3 Ng6
15. Nf1 h5 16. Qd2 Qxd2 17. Nxd2 Be6 18. Nf1 Rad8 19. Ne3 Ne5 20. Rf2 f6 21. Kh2
c5 22. b3 c6 23. Ne2 a5 24. a4 Nxd3 25. cxd3 Rxd3 26. Nf5 Rxb3 27. Nf4 Bf7 28.
Nd6 Re5 29. Rd1 c4 30. Rfd2 c3 31. Nxf7 Kxf7 32. Rd7+ Re7 33. Rxe7+ Kxe7 34. Ne2
b5 35. axb5 cxb5 36. Nd4 Rb2 37. Nc6+ Ke6 38. Nxa5 c2 39. Rc1 Ke5 40. Nc6+ Kxe4
41. Kg3 Kd3 42. Rf1 Rb1 0-1

[Event "World Blitz 2025"]
[Site "Doha QAT"]
[Date "2025.12.29"]
[Round "5.7"]
[White "Sindarov, Javokhir"]
[Black "Isanzhulov, Arystan"]
[Result "0-1"]
[WhiteTitle "GM"]
[BlackTitle "IM"]
[WhiteElo "2726"]
[BlackElo "2419"]
[WhiteFideId "14205483"]
[BlackFideId "13711644"]
[EventDate "2025.12.29"]

1. e4 c6 2. Nf3 d5 3. d3 Qc7 4. exd5 cxd5 5. c4 dxc4 6. Nc3 e6 7. dxc4 a6 8. g3
b6 9. Bf4 Qc6 10. Qd3 Nf6 11. Bg2 Bb7 12. O-O-O Be7 13. Bd6 Bxd6 14. Qxd6 Qxd6
15. Rxd6 Nbd7 16. Rhd1 Bxf3 17. Bxf3 Ra7 18. Na4 b5 19. Nc5 Ke7 20. Nxa6 bxc4
21. Nb4 Ne5 22. Be2 Rb8 23. a3 Ne4 24. R6d4 Nxf2 25. Rf1 Nfd3+ 26. Bxd3 cxd3 27.
Nxd3 Rc7+ 28. Kb1 Nc4 29. Ka2 e5 30. Rg4 Ne3 31. Nxe5 Nxf1 32. Re4 Kf8 33. Nd3
Nd2 34. Re2 Nc4 35. a4 Rcb7 36. Rc2 Ne3 37. Re2 Nd5 38. Ka3 Rb3+ 0-1

[Event "World Blitz 2025"]
[Site "Doha QAT"]
[Date "2025.12.29"]
[Round "5.8"]
[White "Sargsyan, Shant"]
[Black "Harikrishna, Pentala"]
[Result "1/2-1/2"]
[WhiteTitle "GM"]
[BlackTitle "GM"]
[WhiteElo "2665"]
[BlackElo "2693"]
[WhiteFideId "13306766"]
[BlackFideId "5007003"]
[EventDate "2025.12.29"]

1. e4 e5 2. Nf3 Nc6 3. Bb5 a6 4. Ba4 Nf6 5. O-O Be7 6. d3 b5 7. Bb3 d6 8. a4 Bd7
9. c3 O-O 10. Ba2 b4 11. Nbd2 Rb8 12. h3 h6 13. Re1 Na5 14. d4 Qe8 15. dxe5 dxe5
16. Nxe5 b3 17. Nxd7 Qxd7 18. Bb1 Rbd8 19. e5 Nc4 20. exf6 Bxf6 21. Qxb3 Nxd2
22. Qc2 Nxb1 23. Rxb1 Rfe8 24. Be3 Bg5 25. Rbd1 Qe6 26. Rxd8 Rxd8 27. b4 Bf6 28.
c4 Rd4 29. Rc1 Re4 30. Qd3 Bg5 31. Bxg5 hxg5 32. b5 a5 33. Qd8+ Kh7 34. Qxc7 g4
35. h4 Re1+ 36. Rxe1 Qxe1+ 37. Kh2 Qxf2 38. Qg3 Qd4 39. c5 Qxc5 40. Qxg4 Qe5+
41. Qg3 Qd4 42. Kh3 Qxa4 43. b6 Qd7+ 44. Kh2 Qc6 45. Qc7 Qe4 46. Kh3 Qd3+ 47.
Kg4 Qe4+ 48. Kg3 Qe3+ 49. Kh2 Qe4 50. Qd8 a4 51. Qc7 Qxh4+ 52. Kg1 Qe1+ 53. Kh2
Qh4+ 54. Kg1 Qe1+ 1/2-1/2

[Event "World Blitz 2025"]
[Site "Doha QAT"]
[Date "2025.12.29"]
[Round "5.9"]
[White "Goutham Krishna H"]
[Black "Pichot, Alan"]
[Result "1/2-1/2"]
[WhiteTitle "IM"]
[BlackTitle "GM"]
[WhiteElo "2433"]
[BlackElo "2597"]
[WhiteFideId "25983504"]
[BlackFideId "110973"]
[EventDate "2025.12.29"]

1. b3 Nf6 2. Bb2 d5 3. Nf3 c6 4. g3 Bg4 5. Bg2 Nbd7 6. d3 e6 7. Nbd2 Be7 8. h3
Bh5 9. O-O O-O 10. g4 Bg6 11. Nh4 Ne8 12. Nxg6 hxg6 13. e3 a5 14. a3 Bf6 15. d4
e5 16. c4 exd4 17. exd4 Nb6 18. c5 Nd7 19. b4 Nc7 20. f4 axb4 21. axb4 Rxa1 22.
Bxa1 Nb5 23. Nf3 Qa8 24. Ne5 Rd8 25. Qb3 Nf8 26. f5 gxf5 27. gxf5 Re8 28. Bb2
Nxd4 29. Bxd4 Bxe5 30. Be3 Bf6 31. Bf4 Qc8 32. Bd6 Be5 33. Bxe5 Rxe5 34. f6 g6
35. Qg3 Rf5 36. Qd6 Rxf1+ 37. Bxf1 Qf5 38. Qe7 Nd7 39. Qe8+ Nf8 40. Qe7 Qg5+ 41.
Bg2 Qc1+ 42. Bf1 Qf4 43. b5 cxb5 44. Bxb5 Qc1+ 45. Bf1 Qc3 46. Bg2 Qd4+ 47. Kh1
Qa1+ 48. Kh2 Qd4 49. Kh1 Qa1+ 50. Kh2 Qd4 51. Kh1 Qa1+ 1/2-1/2

[Event "World Blitz 2025"]
[Site "Doha QAT"]
[Date "2025.12.29"]
[Round "5.10"]
[White "Dubov, Daniil"]
[Black "Ponomariov, Ruslan"]
[Result "1-0"]
[WhiteTitle "GM"]
[BlackTitle "GM"]
[WhiteElo "2672"]
[BlackElo "2639"]
[WhiteFideId "24126055"]
[BlackFideId "14103320"]
[EventDate "2025.12.29"]

1. e4 c6 2. d4 d5 3. e5 c5 4. dxc5 e6 5. Be3 Nd7 6. Nc3 a6 7. Nf3 Ne7 8. b4 Nc6
9. Rb1 Be7 10. Be2 O-O 11. O-O Ndxe5 12. Nxe5 Nxe5 13. Na4 Nd7 14. c4 dxc4 15.
Bxc4 Qc7 16. Qc2 a5 17. b5 Nxc5 18. b6 Qe5 19. Nxc5 Bxc5 20. Rb5 1-0

[Event "World Blitz 2025"]
[Site "Doha QAT"]
[Date "2025.12.29"]
[Round "5.11"]
[White "Matlakov, Maxim"]
[Black "Abdusattorov, Nodirbek"]
[Result "0-1"]
[WhiteTitle "GM"]
[BlackTitle "GM"]
[WhiteElo "2606"]
[BlackElo "2732"]
[WhiteFideId "4168003"]
[BlackFideId "14204118"]
[EventDate "2025.12.29"]

1. d4 Nf6 2. c4 e6 3. Nf3 Bb4+ 4. Bd2 Qe7 5. g3 Bxd2+ 6. Qxd2 Nc6 7. Bg2 Ne4 8.
Qc2 Qb4+ 9. Kf1 d5 10. e3 O-O 11. Nbd2 Nf6 12. h3 a5 13. Kg1 a4 14. a3 Qe7 15.
Kh2 Rd8 16. Rac1 Bd7 17. Rhd1 h6 18. Ne5 Be8 19. Nd3 Rdc8 20. Nf4 Qd6 21. cxd5
exd5 22. Qc5 Rd8 23. Qxd6 Rxd6 24. Rc5 Rad8 25. Rdc1 g5 26. Nd3 Kg7 27. Nb1 Ra8
28. Ne5 Ne4 29. Bxe4 dxe4 30. Nc3 b6 31. Rc4 Nxe5 32. dxe5 Rd2 33. Nxe4 Rxb2 34.
Rxc7 b5 35. e6 Ra6 36. Rc8 Rxe6 37. Nc5 Rxe3 38. Kg1 Ree2 39. Nd3 Rb3 40. Kf1
Re7 41. R1c3 Bd7 42. R8c5 Bxh3+ 43. Kg1 Rxc3 44. Rxc3 Bf5 45. Nb4 Re1+ 46. Kg2
Be4+ 47. f3 Bf5 48. Rc5 Bd7 49. Rd5 Be8 50. Rd3 Rb1 51. Rd8 Kf8 52. Na6 Ke7 53.
Rb8 Bc6 54. Nc5 g4 0-1

[Event "World Blitz 2025"]
[Site "Doha QAT"]
[Date "2025.12.29"]
[Round "5.12"]
[White "Vachier-Lagrave, Maxime"]
[Black "Shimanov, Aleksandr"]
[Result "1-0"]
[WhiteTitle "GM"]
[BlackTitle "GM"]
[WhiteElo "2734"]
[BlackElo "2578"]
[WhiteFideId "623539"]
[BlackFideId "4198603"]
[EventDate "2025.12.29"]

1. e4 e6 2. d4 d5 3. Nc3 dxe4 4. Nxe4 Nd7 5. Nf3 Ngf6 6. Bg5 h6 7. Nxf6+ Nxf6 8.
Be3 Ng4 9. Qd2 Nxe3 10. Qxe3 Bd6 11. O-O-O Qf6 12. Ne5 Bd7 13. g3 O-O-O 14. Bg2
c6 15. Rd3 Qe7 16. Rb3 Be8 17. Nc4 Bc7 18. d5 cxd5 19. Qxa7 Bc6 20. Nb6+ Bxb6
21. Qxb6 Qc7 22. Qd4 e5 23. Qa7 f5 24. Re1 Rhe8 25. h4 g5 26. hxg5 hxg5 27. Bf1
e4 28. Rd1 Rf8 29. Bb5 Rf6 30. a4 Rfd6 31. Qd4 Bxb5 32. axb5 Qb6 33. Qe5 Qxf2
34. Ra3 Kb8 35. Kb1 Qc5 36. Qxf5 e3 37. Qe5 b6 38. Rxe3 d4 39. Re4 Qxe5 40. Rxe5
Rd5 41. Rxd5 Rxd5 42. c4 Rd7 43. Kc2 Kc7 44. g4 Rd6 45. Kd3 Rf6 46. Re1 Rf2 47.
Re5 Rxb2 48. Rxg5 Rg2 49. Kxd4 Rd2+ 50. Kc3 Rg2 51. Rg7+ Kc8 52. Kd4 Rc2 53. Kd5 1-0

[Event "World Blitz 2025"]
[Site "Doha QAT"]
[Date "2025.12.29"]
[Round "5.13"]
[White "Artemiev, Vladislav"]
[Black "Tabatabaei, M. Amin"]
[Result "1-0"]
[WhiteTitle "GM"]
[BlackTitle "GM"]
[WhiteElo "2641"]
[BlackElo "2700"]
[WhiteFideId "24101605"]
[BlackFideId "12521213"]
[EventDate "2025.12.29"]

1. c4 c5 2. Nf3 Nf6 3. g3 d5 4. cxd5 Nxd5 5. Bg2 Nc6 6. d4 cxd4 7. Nxd4 Ndb4 8.
Nxc6 Qxd1+ 9. Kxd1 Nxc6 10. Nc3 Be6 11. Bxc6+ bxc6 12. Be3 g6 13. Rc1 Bg7 14. b3
O-O 15. f3 Rfd8+ 16. Ke1 Bxc3+ 17. Rxc3 a5 18. Kf2 a4 19. bxa4 Rxa4 20. a3 Rda8
21. Bc5 Kf8 22. Rb1 Rd8 23. Rb6 Bd5 24. Rb7 Re8 25. Rc7 Ra6 26. g4 g5 27. Bb4
Rb6 28. Kg3 h6 29. h4 Ra6 30. hxg5 hxg5 31. Re3 Be6 32. Re5 c5 33. Rexc5 f6 34.
Rb5 Kf7 35. Rbb7 Bd5 36. Rxe7+ Rxe7 37. Rxe7+ Kg6 38. Rc7 Bf7 39. Rc5 Re6 40. e4
Ra6 41. Kf2 Be6 42. Ke3 Ra8 43. Rc6 Kf7 44. Rc7+ Kg6 45. Bc5 Rb8 46. Rc6 Rb3+
47. Kf2 Kf7 48. Rc7+ Kg6 49. Bf8 Bf7 50. a4 Rb2+ 51. Kg3 Rb8 52. Be7 Be6 53. a5
Ra8 54. Bb4 Rb8 55. Bc3 Rb3 56. a6 Ra3 57. a7 Ra4 58. Bd4 Ra2 59. Rb7 Bc4 60.
Rb8 Bf1 61. Bf2 1-0

[Event "World Blitz 2025"]
[Site "Doha QAT"]
[Date "2025.12.29"]
[Round "5.14"]
[White "Andreikin, Dmitry"]
[Black "Muradli, Mahammad"]
[Result "1-0"]
[WhiteTitle "GM"]
[BlackTitle "GM"]
[WhiteElo "2710"]
[BlackElo "2581"]
[WhiteFideId "4158814"]
[BlackFideId "13409301"]
[EventDate "2025.12.29"]

1. Nf3 d5 2. e3 Nf6 3. c4 e6 4. d4 c5 5. cxd5 exd5 6. Bb5+ Nbd7 7. O-O a6 8.
Bxd7+ Bxd7 9. dxc5 Bxc5 10. b3 O-O 11. Bb2 Bg4 12. h3 Bh5 13. Nbd2 Qe7 14. Rc1
Rac8 15. Qc2 Ne4 16. b4 Nxd2 17. Nxd2 Bxe3 18. Qxc8 Bxd2 19. Rc7 Qg5 20. Qd7 Bf3
21. g3 h5 22. h4 Qg6 23. Be5 f6 24. Bd6 Re8 25. Rxb7 d4 26. Rc7 d3 27. a4 Re4
28. Rc8+ Kh7 29. Qd8 Qf5 30. Qg8+ Kg6 31. Rc7 Bh6 32. Bf8 Qh3 33. Rxg7+ Bxg7 34.
Qxg7+ Kf5 35. Qd7+ Re6 36. Qh7+ Ke5 37. Qc7+ Kf5 38. Qf4+ Kg6 39. Qxf3 d2 40.
Qd3+ Kf7 41. Qxd2 Kxf8 42. b5 axb5 43. axb5 Qg4 44. Qd8+ Kf7 45. Qd7+ Kg6 46.
Qd3+ Kg7 47. Ra1 Re7 48. b6 Qe6 49. Rb1 Rb7 50. Qd4 Qc6 51. Kh2 Qf3 52. Rb2 Qc6
53. Qe3 Qd5 54. Qc3 Qe4 55. Qc5 Qf3 56. Ra2 Kg6 57. Ra7 Rb8 58. Qc2+ f5 59. Qc5
Rf8 60. Qe3 1-0

[Event "World Blitz 2025"]
[Site "Doha QAT"]
[Date "2025.12.29"]
[Round "5.15"]
[White "Grandelius, Nils"]
[Black "Yu, Yangyi"]
[Result "1/2-1/2"]
[WhiteTitle "GM"]
[BlackTitle "GM"]
[WhiteElo "2664"]
[BlackElo "2717"]
[WhiteFideId "1710400"]
[BlackFideId "8603820"]
[EventDate "2025.12.29"]

1. d4 Nf6 2. c4 e6 3. Nc3 Bb4 4. Qc2 c5 5. dxc5 O-O 6. a3 Bxc5 7. Bf4 Nc6 8. e3
Be7 9. Rd1 b6 10. Nf3 Ba6 11. Be2 Rc8 12. Qa4 Bb7 13. O-O a6 14. Ne5 Nxe5 15.
Bxe5 d6 16. Bg3 Qc7 17. Rd2 Rfd8 18. Rfd1 h6 19. h3 Qb8 20. Qb4 Qa8 21. Bf1 Rc6
22. Qb3 Bf8 23. Rd4 Be7 24. R4d2 Bf8 25. Rd4 Be7 26. R4d2 Bf8 1/2-1/2

[Event "World Blitz 2025"]
[Site "Doha QAT"]
[Date "2025.12.29"]
[Round "5.16"]
[White "Praggnanandhaa, R"]
[Black "Theodorou, Nikolas"]
[Result "1-0"]
[WhiteTitle "GM"]
[BlackTitle "GM"]
[WhiteElo "2761"]
[BlackElo "2652"]
[WhiteFideId "25059530"]
[BlackFideId "4262875"]
[EventDate "2025.12.29"]

1. e4 c5 2. Nf3 Nc6 3. Bb5 e6 4. O-O Nd4 5. Nxd4 cxd4 6. c3 a6 7. Be2 Bc5 8. Na3
Ne7 9. cxd4 Bxd4 10. Nc2 Ba7 11. d4 O-O 12. Bd3 b5 13. a4 bxa4 14. Rxa4 Bb7 15.
Qe2 f5 16. Bg5 fxe4 17. Bxe4 Bxe4 18. Qxe4 Bb6 19. Rfa1 h6 20. Bh4 Qe8 21. Bxe7
Qxe7 22. Rxa6 Rab8 23. R6a3 Bc7 24. Rb1 Rb5 25. g3 Rbf5 26. Rf1 Rb5 27. Ra2 Rfb8
28. Rb1 Bd6 29. Ne3 Rb4 30. Qd3 Qf6 31. Nc4 Bc7 32. Ra7 Rc8 33. d5 Bxg3 34. hxg3
Rbxc4 35. Rxd7 Rc2 36. Qe3 exd5 37. Rxd5 Kh8 38. Rd4 Qc6 39. b4 Re8 40. Qd3 Rce2
41. Rd8 Qb6 42. Qxe2 Qxd8 43. Qc2 Qb6 44. b5 Rf8 45. Rb3 Rf6 46. Rc3 Rf8 47. Rc5
Qb7 48. Qc3 Qe4 49. Rc8 Rxc8 50. Qxc8+ Kh7 51. Qc5 Qe1+ 52. Kh2 Qe4 53. Qc6 Qd4
54. Kg2 h5 55. b6 h4 56. b7 hxg3 57. b8=Q Qxf2+ 58. Kh3 Qh2+ 59. Kg4 Qe2+ 60.
Kxg3 Qe1+ 61. Kh2 Qh4+ 62. Kg2 Qg4+ 63. Qg3 Qe2+ 64. Kh3 Qf1+ 65. Qcg2 Qf5+ 66.
Kh2 Qf6 67. Qe4+ Kg8 68. Qe8+ 1-0

[Event "World Blitz 2025"]
[Site "Doha QAT"]
[Date "2025.12.29"]
[Round "5.17"]
[White "Hovhannisyan, Robert"]
[Black "Le, Quang Liem"]
[Result "1-0"]
[WhiteTitle "GM"]
[BlackTitle "GM"]
[WhiteElo "2621"]
[BlackElo "2731"]
[WhiteFideId "13302507"]
[BlackFideId "12401137"]
[EventDate "2025.12.29"]

1. e4 e5 2. Nf3 Nc6 3. Bb5 a6 4. Ba4 Nf6 5. O-O b5 6. Bb3 Bc5 7. a4 Rb8 8. Nxe5
Nxe5 9. d4 Bxd4 10. Qxd4 d6 11. f4 Nc6 12. Qc3 Ne7 13. Nd2 O-O 14. e5 Nfd5 15.
Qf3 Bb7 16. Ne4 Kh8 17. axb5 axb5 18. Qh3 f6 19. exf6 gxf6 20. c3 Rg8 21. Bc2
Qc8 22. Qxc8 Rbxc8 23. b3 Nf5 24. Rf2 Rce8 25. Bb2 Rg6 26. c4 bxc4 27. bxc4 Nde3
28. Nxf6 Rb8 29. Bxf5 Rxg2+ 30. Rxg2 Bxg2 31. Bc3 Rb3 32. Nd5+ Kg8 33. Nxe3 Rxc3
34. Nxg2 Kf7 35. Bxh7 Rxc4 36. Bd3 Rd4 37. Be2 Kf6 38. Kf2 Rb4 39. h4 c5 40. Rd1
Ke6 41. h5 d5 42. h6 Rb8 43. Bg4+ Kd6 44. h7 Rh8 45. Bf5 d4 46. Kf3 Kd5 47. Ne3+
Kc6 48. Nc4 Kd5 49. Ne5 c4 50. Nf7 Rf8 51. h8=Q Rxh8 52. Nxh8 d3 53. Bxd3 1-0